Mito y realidad /

Salvato in:
Dettagli Bibliografici
Autore principale: Eliade, Mircea (autor)
Natura: Libro
Lingua:spagnolo
Pubblicazione: Madrid, España : Guadarrama, 1968, c1968
Serie:(Colección Universitaria de Bolsillo Punto Omega ; 25)
Soggetti:
Tags: Aggiungi Tag
Nessun Tag, puoi essere il primo ad aggiungerne!!

MARC

LEADER 00000nam^a2200000^a^4500
001 000069842
005 20250521000000.0
009 20260526120400.08
037 |a Acervo ITESO - Biblioteca 
041 |a ESP 
082 |a 291. 13  |b ELI 
100 |a Eliade, Mircea  |e (autor) 
240 1 1 |a [Mito y realidad] 
245 1 0 |a Mito y realidad /  |c M. Eliade ; tr. por Luis Gil. 
264 4 |a Madrid, España :  |b Guadarrama,  |c 1968, c1968 
300 |a 239 p. 
336 |a texto  |b txt  |2 rdacontenido 
337 |a sin mediación  |b n  |2 rdamedio 
338 |a volumen  |b nc  |2 rdasoporte 
440 1 |a (Colección Universitaria de Bolsillo Punto Omega ;  |v 25) 
500 |a Traducción de: Aspects du mythe 
649 |a XX 
650 |a Mitología -  |x Tema Principal 
650 |a Mitología -  |x Historia y Crítica 
650 |a Pensamiento Mágico 
650 |a Cosmogonía 
650 |a Escatología (Filosofía) 
650 |a Tiempo -  |x Filosofía 
650 |a Ontología 
650 |a Cuentos Fantásticos -  |x Historia y Crítica 
650 |a Literatura Popular -  |x Historia y Crítica 
650 |a Semiótica y Literatura 
650 |a Semiótica y Sociedad 
650 |a Cristianismo 
650 |a Filosofías Orientales 
650 |a Filosofía y Religión 
650 |a Religión 
910 |a Fondo Armando Suárez Gómez 
920 |a Impresos - Libros 
930 |a Fondos Especiales 
905 |a 111 
901 |a 0700003859  |b IT2  |c ESP  |u 20250521 
902 |a https://opac.biblio.iteso.mx/vufind/Record/000069842